00767nam a22002057a 450000500170000001000330001702000260005003500140007603700110009008200080010110000330010924501060014225000110024826000320025927000560029130000310034794200220037899900190040095201420041920230912162825.0 aE.N.A./7.11.22 ENG-137901 a9789390113644c650.00 aEN-121433 bPragti a954 aDahiya, Poonam Dalal 956487 aAncient and Medieval India:bfor UPSC and state civil services examinations /cby Poonam Dalal Dahiya a2nd ed aChennaibMc Graw Hillc2022 a5/90A, Butt Road, St. Thomas MountbChennaie600116 avp.c24cm(pbk)bill , maps 2ddccENmDAHh954 c193753d193753 001040708NFICaVPbVPd2023-08-28eDBAD/PUBg650.00l1oDAH 954pEN-121433r2024-04-12 00:00:00s2024-03-30t1v650.00w2023-08-28yEN